01446nam a2200289 a 450000500170000000800410001702000180005804100080007609200190008424501000010325000580020326000430026130000170030450001570032159000530047865300520053165300750058365300600065865300660071870000340078470000330081870000340085170000290088594200120091499900150092695202150094120240417111918.0180208t2013||||sp a f |||| 001 0 spa d a9788480869966 aspa c616.12l8sBRA aBraunwald. Tratado de Cardiología. Texto de medicina cardiovascular.bT.2 /cBonow, Robert O. a9a ed.bRevisión científica Luis Rodriguez Padial aBarcelona: bElsevier Saunders;c2013. a1061-1986 p. aBonow, R. O. (Dir.). et al. (2013). Braunwald. Tratado de Cardiología. Texto de medicina cardiovascular. T.2 (9a ed.). Barcelona : Elsevier Saunders.  aDonación Dr. Fontenla, Miguel. Noviembre 2017. aEnfermedades cardiovasculares ateroescleroticas aEnfermedades del corazón, el pericardio y el lecho vascular pulmonar aEnfermedades cardiovasculares en poblaciones especiales aEnfermedades cardiovasculares y trastornos de otros órganos1 aBonow, Robert O. eDir.934051 aMann, Douglas L.eDir.934061 aZipes, Douglas P.eDir.934071 aLibby, PetereDir.93408 2ddccBK c2653d2653 00102ddc4070aBFMbBFMcCRd2018-02-08eDonación Dr. Fontela, Miguel. Noviembre 2017l8m5o616.12 8 BRAp4062r2025-04-07s2025-03-31tEj. 1w2018-02-08yBKzDonación Dr. Fontela, Miguel. Noviembre 2017